00362nam a2200133 a 450000500170000000800410001702000180005805000180007624500180009426000460011230000230015844000210018165000260020220140412111349.0050420s19uu xx 00 eng d a0-7513-5943-2 aERbMy99 1999 aMy lunch box. aLondon :bDorling Kinderesly Ltd.,c1999. a1 v. (unp.) ; ill. aShaped Bag Books aPicture book of words